| 000 | 01165nam a22002417a 4500 | ||
|---|---|---|---|
| 003 | OSt | ||
| 005 | 20241120100953.0 | ||
| 008 | 230429b ||||| |||| 00| 0 eng d | ||
| 040 | _cSSBUL | ||
| 082 |
_223 _a၂၉၄.၃၈၂၄ |
||
| 100 | 0 |
_aရေဝတ၊ ဘဒ္ဒန္တ၊ အရှင် (သစ္စာဒီပကဆရာတော်)။ _953791 |
|
| 245 | 1 | 0 |
_aစတုသစ္စဒဠှီကမ္မကထာ / _cအရှင်ရေဝတ(သစ္စာဒီပကဆရာတော်)။ |
| 250 | _aနဝမအကြိမ်။ | ||
| 260 |
_aရန်ကုန် ၊ _bသာသနာရေးဦးစီးဌာန၊ _c၁၉၈၀။ |
||
| 300 |
_a၃၆၈ စာမျက်နှာ ၊ _aဂူ၊ ၃၉၂ စာမျက်နှာ ၊ _c၁၈ စင်တီ။ _b၂၂ စင်တီ။ |
||
| 500 | _aS-SL:U San Lwin S-SAT: U Sai Aung Tun Collection S-KZN: Prof. Kyaw Zaw Naing | ||
| 500 | _aအက္ခရာစဉ်အညွှန်းပါသည်။ | ||
| 650 |
_vသစ္စာလေးပါး _97268 |
||
| 650 | _aဝိပဿနာ | ||
| 942 |
_cBK1 _2ddc |
||
| 942 | _2ddc | ||
| 942 | _2ddc | ||
| 999 |
_c24255 _d24255 |
||